Android vs iOS - Estadísticas

Estadísticas generales
  • Esta prueba ha sido intentada 31 veces
  • La puntuación promedio es 7 de 10
Estadísticas de respuestas
Pregunta Respuesta % Correcto
Este sistema operativo se caracteriza por tener grandes opciones de personalización, ya que al tener un celular de este sistema operativo puedes personalizar tus aplicaciones e interface, creando asi un celular donde puedes personalizar a tu gusto.
100%
Sistema operativo que se caracteriza por su mapa de ubicación, saber las estimaciones del tiempo y trafico, la ubicacion precisa que uno se encuentra, las reseñas y los opiniones que dejan los usuarios en negocios y lugares que visitan, como por ejemplo saber la calidad de comida que sirven en los restaurantes etc.
100%
Este sistema operativo se caracteriza por tener mejor rendimiento de batería en sus celulares, este aspecto se considera importante para muchas personas al tener celulares de buena bateria y que sean de carga rapida.
100%
Sistema operativo que se destingue por su variedad de precios y calidad ya que a diferencia de su rival por sus precios altos, este sistema tiene modelos con diferentes precios, por ejemplo si buscas un celular con buen rendimiento a un buen precio o si buscas celulares de alta gama o mas premium lo puedes encontrar tambien en este sistema operativo. En resumen siendo un sistema operativo que se ajusta el presupuesto de cada quien.
67%
Sistema operativo que se destingue por sus emojis, teniendo gran variedad y selecto de ellos, alaves se presume que tiene mejores diseños y discripciones.
67%
Sistema operativo que se destingue por sus actualizaciones constantes, ya que al hacer celulares seguros tienen que tener las ultimas actualizaciones y oportunas parches de seguridad.
67%
Sistema operativo que en sus plataformas es mas lucrativa que su rival para los desarrolladores de apps, por lo que los mejores apps tanto videojuegos como otros tipos de apps llegan primero que su rival.
67%
Este sistema operativo se caracteriza por tener mayor seguridad a sus usuarios, generando códigos, modelos o caracteristicas de seguridad para evitar que sus usuarios no sean hackeados o que te roben tu información.
67%
Sistema operativo que se caracteriza por tener excelentes servicios de nube y capacidad de almacenamiento, siendo mas barato que su contraparte rival, incluso siendo mas fácil de usar y mas efectivo.
33%
Sistema operativo que se destingue por tener un mejor asistente virtual de voz, teniendo mejores sugerencias útiles y mas conversacional, tambien ofrece juegos entretenidos e informaciones contextuales, siendo un asistente mas inteligente y mas versátil.
0%
No se encontraron pruebas coincidentes
Distribución de puntuación
Porcentaje de gente con cada puntuación
Porcentaje por número respondido
Historial de tus puntuaciones
No has intentado esta prueba.